Music Quiz

Random Music or Lyrics Quiz
Score 0/25 Timer 07:00
11 Plays Today
% Correct
All I Want for Christmas
96.6%
Mambo No. 5 (A Little Bit Of…)
91.8%
Livin' La Vida Loca
75.6%
Friday I'm in Love
74%
Truly Madly Deeply
67.9%
Zombie
67.2%
Champagne Supernova
63.1%
I'll Make Love to You
62.3%
You're Still the One
60.2%
Everybody (Backstreet's Back)
59.7%
Opposites Attract
58.4%
Killing Me Softly
57.5%
One Week
55.5%
% Correct
Macarena
52.4%
I'll Be Missing You
51.3%
Smooth
49.6%
Heart-Shaped Box
47%
Mr. Jones
46.8%
Kiss Me
46.6%
To Be With You
44.2%
One
42.1%
Mmm Mmm Mmm Mmm
34.7%
Give Me One Reason
34%
Sabotage
30.6%
Black or White
28.9%
Remove Ads.
Support Sporcle.
Get the best of Sporcle when you Go Orange. This ad-free experience offers more features, more stats, and more fun while also helping to support Sporcle. Thank you for becoming a member.

You're not logged in!

Compare scores with friends on all Sporcle quizzes.
OR
Log In

Show Comments

Extras

Top Quizzes Today


Score Distribution

Your Account Isn't Verified!

In order to create a playlist on Sporcle, you need to verify the email address you used during registration. Go to your Sporcle Settings to finish the process.

Report this User

Report this user for behavior that violates our Community Guidelines.

Details: